| 000 | 00805nam a22002177a 4500 | ||
|---|---|---|---|
| 999 |
_c6529 _d6529 |
||
| 003 | AR-CdUCM | ||
| 008 | 190318b ||||| |||| 00| 0 spa d | ||
| 020 | _a84-494-1367-2 | ||
| 040 |
_aMUNICIPALIDAD PROVINCIAL DEL CUSCO _cBIBLIOTECA MUNICIPAL DEL CUSCO |
||
| 082 |
_a910 / _bT95 |
||
| 110 |
_aOcéano - Centrun _918451 |
||
| 245 | _aTurismo, hoteles y restaurantes / | ||
| 260 |
_aEspaña : _bOcéano - centryn, |
||
| 300 |
_a600 paginas _c29 cm. |
||
| 505 | _aContenido :El turismo -- Organización de viajes -- Viajes aéreos: aviones, aeropuertos y lineas aéreas -- En que consiste el turismo -- El desarrollo de la hostelería ... | ||
| 650 |
_aTurismo internacional _918452 |
||
| 650 |
_aLeyes de turismo _918453 |
||
| 650 |
_aHoteles y viajes _918454 |
||
| 942 |
_2ddc _cLIBROS |
||
| 945 | _arum | ||